Statistiken für Rick Astley Lied-Refrain

Klicken Sie hier um das Quiz zu spielen!

Allgemein

  • Dieses Quiz wurde 79 mal gespielt
  • Das Durchschnittsergebnis liegt bei 28 aus 34

Antwortstatistiken

Antwort% Korrekt
down
100%
let
100%
you
100%
you
100%
you
100%
you
100%
you
100%
give
98%
gonna
98%
gonna
98%
gonna
98%
gonna
98%
gonna
98%
gonna
98%
Never
98%
Never
98%
Never
98%
Never
98%
Never
98%
Never
98%
up
98%
a
86%
and
71%
and
71%
around
71%
hurt
61%
say
61%
goodbye
59%
run
52%
make
50%
cry
48%
desert
48%
lie
36%
tell
35%

Verteilung der Resultate

Perzentil nach korrekt beantworteten Fragen

Anzahl Personen mit jedem Resultat

Ihre Resultats-Entwicklung

Sie haben dieses Quiz noch nicht gespielt